000 00659cam a2200217 a 4500
001 000001909
005 20240509200458.0
008 840703s1968 it 001 0 ita
040 _aDO-SdBNP
_cCarP
_dDLC
082 _a848.91
_bP942r
100 1 _aPreti, Giulio,
_d1911-1972.
_96216
245 1 0 _aRetórica e lógica /
_cGiulio Preti.
260 _aTorino, (Italy) :
_bGiulio Einaudi,
_c1968.
300 _a242 p. ;
_c19 cm.
490 1 _aNuovo politecnico
_vno. 17
650 4 _aRetórica
_96217
650 4 _aEuropa
_xCivilización
_96218
650 0 _aLógica
_9332
830 0 _aNuovo politecnico ;
_vno. 17.
_96219
910 _aCatalogación por copia / LC
999 _c1779
_d1779